Machine Learning (Record no. 12277)

MARC details
000 -LEADER
fixed length control field 00460nam a22001937a 4500
003 - CONTROL NUMBER IDENTIFIER
control field OSt
008 - FIXED-LENGTH DATA ELEMENTS--GENERAL INFORMATION
fixed length control field 240323b |||||||| |||| 00| 0 eng d
020 ## - INTERNATIONAL STANDARD BOOK NUMBER
International Standard Book Number 9789391392352
082 ## - DEWEY DECIMAL CLASSIFICATION NUMBER
Classification number 006.31 DOM
100 ## - MAIN ENTRY--PERSONAL NAME
Personal name DOSHI,Ruchi
245 ## - TITLE STATEMENT
Title Machine Learning
250 ## - EDITION STATEMENT
Edition statement 1st Ed
260 ## - PUBLICATION, DISTRIBUTION, ETC. (IMPRINT)
Place of publication, distribution, etc New Delhi
Name of publisher, distributor, etc BPB Publication
Date of publication, distribution, etc 2024
300 ## - PHYSICAL DESCRIPTION
Extent 270
700 ## - ADDED ENTRY--PERSONAL NAME
Personal name HIRAN,Kamal Kant
700 ## - ADDED ENTRY--PERSONAL NAME
Personal name JAIN,,Ritesh Kumar
700 ## - ADDED ENTRY--PERSONAL NAME
Personal name LAKHWANI,Kamlesh
942 ## - ADDED ENTRY ELEMENTS (KOHA)
Source of classification or shelving scheme Dewey Decimal Classification
Koha item type Reference Books
Holdings
Withdrawn status Lost status Source of classification or shelving scheme Damaged status Not for loan Collection code Home library Current library Date acquired Source of acquisition Currency Cost, normal purchase price Bill Number Total Checkouts Full call number Acc. no. / Barcode Date last seen Actual Cost, discounted price Bill Date Koha item type Public note
    Dewey Decimal Classification     Computer Science and Engineering in AI & Machine Learning PIET C-LIBRARY PIET C-LIBRARY 06/03/2024 BPB Publications In rupees 599.00 3445   006.31 DOM 35600 23/03/2024 509.15 06/03/2024 Reference Books Decentralisation

Design & Developed by: PIET Central Library
R70 Miles Stone Pattikalyana Samalkha Panipat 132102
mail ID :- [email protected], Phone No:- 0180-2569700 Ex.216